| Tag |
First Indicator |
Second Indicator |
Subfields |
| LEADER |
00000cam a2200000 4500 |
| 001 |
in00000063396 |
| 005 |
20151008051745.0 |
| 008 |
761019r19671927nyuch 00010aeng |
| 010 |
|
|
|a 66022634
|
| 035 |
|
|
|a (OCoLC)02514262
|
| 035 |
|
|
|9 AAG9800AM
|
| 040 |
|
|
|a ABC
|c ABC
|d TXA
|d UtOrBLW
|
| 049 |
|
|
|a TXAM
|c [468560]
|
| 050 |
|
0 |
|a AC6
|b .P4 1967
|
| 092 |
|
|
|a 330.1
|b P512, 1967
|
| 100 |
1 |
|
|a Petty, William,
|c Sir,
|d 1623-1687.
|
| 245 |
1 |
4 |
|a The Petty papers ;
|b some unpublished writings of Sir William Petty /
|c Edited from the Bowood papers by the Marquis of Lansdowne.
|
| 264 |
|
1 |
|a New York :
|b A.M. Kelley,
|c 1967.
|
| 300 |
|
|
|a 2 volumes in 1 :
|b illustrations, portrait, facsimiles ;
|c 22 cm.
|
| 336 |
|
|
|a text
|b txt
|2 rdacontent
|
| 337 |
|
|
|a unmediated
|b n
|2 rdamedia
|
| 338 |
|
|
|a volume
|b nc
|2 rdacarrier
|
| 490 |
0 |
|
|a Reprints of economic classics
|
| 500 |
|
|
|a "One volume edition."
|
| 500 |
|
|
|a Reprint of the 1927 edition.
|
| 505 |
0 |
|
|a v. 1. Government. London. Ireland. Irish land registry. Religion. Dictionary. Statistical. Trade. Interest. King James II.--v. 2. Education. Philosophy. Multiplication of mankind. Military. Wool warfare. Dublin Philosophical Society. American plantations. Forestry. Pumps. Sweetening sea water. The pacing saddle. Medical. Miscellaneous. Observations. Verses. Lists of writings. On the disputed authorship of the London bills of mortality. Parallel passages in the London observations and Petty's unpublished writings. A list of Sir William Petty's printed works (p. 285-286)
|
| 700 |
1 |
|
|a Lansdowne, Henry William Edmund Petty-FitzMaurice,
|c Marquess of,
|d 1872-1936.
|
| 999 |
|
|
|a MARS
|
| 999 |
f |
f |
|s 09f7f90f-6c73-3a1e-92f8-bc62975e6fa0
|i dad626c7-4167-306b-b8b3-718a4667a03e
|t 0
|
| 952 |
f |
f |
|p ric
|a Texas A&M University
|b Rellis Campus
|c Joint Library Facility
|d Remote Storage
|t 0
|e AC6 .P4 1967
|h Library of Congress classification
|i unmediated -- volume
|k v.1
|m A14800691468
|
| 998 |
f |
f |
|a AC6 .P4 1967
|s v.1
|t 0
|l Remote Storage
|